| 000 | 00517nam a2200169 a 4500 | ||
|---|---|---|---|
| 001 | 000031327 | ||
| 005 | 20200930062843.0 | ||
| 008 | 110620s1926 dr 000 0 spa d | ||
| 040 |
_aDO-SdBNP _bspa _cBNPHU |
||
| 082 |
_axxxx _bP298c |
||
| 100 | 1 |
_aPatiño, Aristides _957772 |
|
| 245 | 1 | 0 |
_aConsejos de un tonto. / _cAristides Patiño; prólogo Virgilio Montalvo. |
| 260 |
_aSanto Domingo : _bimprenta Montalvo, _c1926. |
||
| 300 |
_a216 p. ; _c23 cm. |
||
| 700 | 1 |
_aMontalvo, Virgilio _epról. _953923 |
|
| 049 | _aBNPD | ||
| 999 |
_c30819 _d30819 |
||